Hagy lelkesedéssel és szeretettel fogadták Szeged dolgozói a román vendégeket

Elmentve itt :
Bibliográfiai részletek
Dokumentumtípus: Cikk
Megjelent: 1949-07-03
Sorozat:Délmagyarország
Kulcsszavak:Nemzetközi kapcsolatok magyar-román 1949
Online Access:http://dmarchiv.bibl.u-szeged.hu/60892
LEADER 00471nab a2200145 i 4500
001 delm60892
005 20180927144541.0
008 180927s1949 hu o 0|| hun d
040 |a SZTE Délmagyarország Archívum  |b hun 
041 |a hun 
245 0 0 |a Hagy lelkesedéssel és szeretettel fogadták Szeged dolgozói a román vendégeket  |h [elektronikus dokumentum] 
260 |c 1949-07-03 
300 |a 1-2 
490 0 |a Délmagyarország 
695 |a Nemzetközi kapcsolatok magyar-román 1949